书目信息 |
| 题名: |
倾听让关系更美好
|
|
| 作者: | 尼可斯 著 ;邱珍琬 译 | |
| 分册: | ||
| 出版信息: | 南京 译林出版社 2011 |
|
| 页数: | 328页 | |
| 开本: | 21cm | |
| 丛书名: | ||
| 单 册: | ||
| 中图分类: | C912.1-49 , C912.1 | |
| 科图分类: | ||
| 主题词: | 人际关系学--通俗读物 | |
| 电子资源: | ||
| ISBN: | 978-7-5447-1996-4 | |
| 000 | 00873nam0 2200253 450 | |
| 001 | 1551613034 | |
| 005 | 20150127142743.93 | |
| 010 | @a978-7-5447-1996-4@dCNY36.00 | |
| 100 | @a20111115d2011 em y0chiy0110 ea | |
| 101 | 1 | @achi@ceng |
| 102 | @aCN@b320000 | |
| 105 | @ay z 000yy | |
| 200 | 1 | @a倾听让关系更美好@9qing ting rang guan xi geng mei hao@dThe lost art of listening@f(美)麦克·P. 尼可斯著@g邱珍琬译@zeng |
| 210 | @a南京@c译林出版社@d2011 | |
| 215 | @a328页@d21cm | |
| 330 | @a本书分为四篇,包括:倾听的重要性、为什么无法倾听、倾听的技巧、人际关系中的倾听艺术。 | |
| 510 | 1 | @aLost art of listening@zeng |
| 606 | 0 | @a人际关系学@j通俗读物 |
| 690 | @aC912.1-49@v5 | |
| 690 | @aC912.1@v4 | |
| 701 | 0 | @c(美)@a尼可斯@9ni ke si@c(Nichols, Michael P.)@4著 |
| 702 | 0 | @a邱珍琬@9qiu zhen wan@4译 |
| 801 | 0 | @aCN@bTSSF@c20150127 |
| 905 | @aZUCC@dC912.1@eJY10 | |
| 倾听让关系更美好=The lost art of listening/(美)麦克·P. 尼可斯著/邱珍琬译.-南京:译林出版社,2011 |
| 328页;21cm |
| ISBN 978-7-5447-1996-4:CNY36.00 |
| 本书分为四篇,包括:倾听的重要性、为什么无法倾听、倾听的技巧、人际关系中的倾听艺术。 |
| ● |
| 相关链接 |
|
|
|
|
正题名:倾听让关系更美好
索取号:C912.1/JY10
 
预约/预借
| 序号 | 登录号 | 条形码 | 馆藏地/架位号 | 状态 | 备注 |
| 1 | 7845172 | 278451729 | 学院路分馆/ [索取号:C912.1/JY10] | 在馆 | |
| 2 | 7845173 | 278451738 | 学院路分馆/ [索取号:C912.1/JY10] | 在馆 | |
| 3 | 7857156 | 278571564 | 学院路分馆/ [索取号:C912.1/JY10] | 在馆 |